Brawl Stars hispanohablante - Estadísticas

Estadísticas generales
  • Esta prueba ha sido intentada 96 veces
  • La puntuación promedio es 8 de 15
Estadísticas de respuestas
Hint Respuesta % Correcto
¿A qué creador de contenido le retiraron su código de creador tras un leakear que no iban a nerfear a Larry y Lawrie en los próximos días? Trebor
88%
¿A qué brawler le pertenece el título de maestría: "Rey de los trucos"? Chester
82%
¿Con cuántas copas tienes que tener a un brawler para poder visualizar repeticiones en el que usas a dicho brawler? 400
74%
¿Qué evento reemplazó a la liga de clubes? Megahucha
69%
¿Quién fue el primer jugador en alcanzar las 100000 copas (No cuenta el chino) Hyra
68%
¿Quién es reconocido como el mejor jugador de Max en el mundo?- Tensai
65%
¿Cómo se llama el equipo creado por Alvaro845? Team Queso
62%
¿A quién le pertenece el gadget: "Tiro al plato"? Shelly
50%
¿Qué skins tienen un costo de 10000 monedas? Plateadas
49%
¿A quién le pertenece la habilidad estelar: "Guía espiritual"? Gus
46%
¿Quién fue el primer brawler que se podía obtener con un pago de acceso anticipado Chuck
42%
¿Qué equipo se coronó en la Brawl Stars Championship de 2023? Zeta Division
42%
¿Qué personaje tiene como diálogo: "New costumers"? Barley
36%
¿En que modo de juego te enfrentabas a Kaiju? Irrupcion urbana
32%
¿A qué creador de contenido se le relaciona con las siglas HDF LaPeceraTONTA
30%
No se encontraron pruebas coincidentes
Distribución de puntuación
Porcentaje de gente con cada puntuación
Porcentaje por número respondido
Historial de tus puntuaciones
No has intentado esta prueba.